Los ojos de la piel. La arquitectura y los sentidos.
Saved in:
| Hovedforfatter: | |
|---|---|
| Andre forfattere: | , |
| Format: | Ukendt |
| Udgivet: |
Barcelona, España:
Gustavo Gili,
2019.
|
| Udgivelse: | Segunda edición ampliada. |
| Fag: | |
| Tags: |
Tilføj Tag
Ingen Tags, Vær først til at tagge denne postø!
|
MARC
| LEADER | 00000 a2200000 4500 | ||
|---|---|---|---|
| 003 | CL-VaPUC | ||
| 005 | 20240619100152.0 | ||
| 008 | 230612t2019 ||||| |||| 00| 0 eng d | ||
| 999 | |c 440641 |d 440639 | ||
| 020 | |a 9788425226267 | ||
| 040 | |c Pontificia Universidad Católica de Valparaíso | ||
| 082 | 7 | |a 720.1 PAL 2019 |2 22 | |
| 100 | |a Pallasmaa, Juhani |9 570535 |e autor | ||
| 245 | 1 | 4 | |a Los ojos de la piel. |b La arquitectura y los sentidos. |
| 250 | |a Segunda edición ampliada. | ||
| 260 | |a Barcelona, España: |b Gustavo Gili, |c 2019. | ||
| 300 | |a 127 páginas. | ||
| 583 | |k GC |c 20230612 | ||
| 650 | 0 | |a Arquitectura |x Estética |9 804558 | |
| 700 | |a Puente, Moisés |9 862339 |e traductor | ||
| 700 | |a Muro, Carles |e traductor |9 882992 | ||
| 942 | |2 ddc |c BK | ||
| 952 | |0 0 |1 0 |2 ddc |4 0 |6 720_100000000000000_PAL_2019 |7 0 |8 A |9 590395 |a BIBARQ |b BIBARQ |c GEN |d 2023-06-07 |e 3 |g 20018.00 |i 5657709 |l 5 |o 720.1 PAL 2019 |p 5657709 |q 2025-05-16 |r 2025-05-09 |s 2025-05-09 |t 1 |v 20018.00 |w 2023-06-07 |y BK |k ARQ | ||
| 952 | |0 0 |1 0 |2 ddc |4 0 |6 720_100000000000000_PAL_2019 |7 0 |8 A |9 590396 |a BIBARQ |b BIBARQ |c GEN |d 2023-06-07 |e 3 |g 20018.00 |i 5657710 |l 3 |o 720.1 PAL 2019 |p 5657710 |q 2025-05-16 |r 2025-05-09 |s 2025-05-09 |t 2 |v 20018.00 |w 2023-06-07 |y BK |k ARQ | ||